00929nam a2200277 a 450000100060000000300080000600500170001400800410003102000240007202000310009603500190012704000370014604100080018308200280019110000260021924500830024525000120032826000480034030000340038850400660042265000330048865000360052165000340055765000360059170000240062767706BD-RjUL20211209081702.0170328s1993 enka b 001 0 eng  a0198562810 :c60.00 a0198562802 (pbk.) :c35.75 a(BD-RjUL)67915 aDLCcDLCdIAYdMYGdBD-RjULbeng aeng 223a620.11297bSOL 19931 aSolymar, L.q(Laszlo)10aLectures on the electrical properties of materials /cL. Solymar and D. Walsh. a5th ed. aNew York :bOxford University Press,c1993. axiv, 482 p. :bill. ;c25 cm. aIncludes bibliographical references (p. [469]-470) and index. 0aSolidsxElectric properties. 0aMaterialsxElectric properties. 0aEnergy-band theory of solids. 0aFree electron theory of metals.1 aWalsh, D.q(Donald)